Физические понятия - Statistics

General Stats
  • This quiz has been taken 18 times
  • The average score is 7 of 15
Answer Stats
Описание Понятие % Correct
Давление тела на опору или подвес Вес
76%
Расстояние от начальной до конечной точек перемещения тела Путь
71%
Мгновенное действие силы на тело Импульс
59%
Сила физического сопротивления тела к деформации извне Упругость
53%
Естественная способность тел приближаться друг к другу Тяготение
53%
Характеристика перемещения объекта относительно среды Скорость
53%
Способность физического тела к равномерному движению в пространстве Масса
41%
Способность тела пропускать через себя какой-либо поток Проводимость
41%
Мера хаотичного движения системы частиц в веществе Энтропия
41%
Перемещение тела или его части во внешней среде Движение
41%
Период цикличных повторений какого-либо физического процесса Частота
35%
Наведение заряженных частиц вдоль пространственных линий в электромагнитном поле Индукция
29%
Способность тела к совершению механической работы Мощность
24%
Физическая форма тела в какой-либо среде Объём
24%
Искривление пространства в силу перемещения массивных объектов во вселенной Время
12%
No matching quizzes found
Score Distribution
Percent of People with Each Score
Percentile by Number Answered
Your Score History
You have not taken this quiz